| 000 | 00436nam a22001697a 4500 | ||
|---|---|---|---|
| 003 | MPLRDC | ||
| 005 | 20220104165055.0 | ||
| 008 | 210129b ||||| |||| 00| 0 eng d | ||
| 020 | _a0-395-32944-2 | ||
| 082 | _a805.13 HMC 1982 | ||
| 100 | _aHOUGHTON MIFFLIN CO. | ||
| 245 |
_aTHE AMERICAN HERITAGE DICTIONARY _c |
||
| 260 |
_a _bHOUGHTON MIFFLIN CO. _c1982 |
||
| 300 | _b精 | ||
| 650 | _a英语字典 | ||
| 942 |
_cBK _o805.13 HMC 1982 |
||
| 999 |
_c57287 _d57277 |
||